Philippine : EIU Country profile 2005.
| Format: | Book |
|---|---|
| Published: |
London:
The Economist Intelligence Unit,
2005.
|
| Subjects: |
| LEADER | 00499cam a2200157 7i4500 | ||
|---|---|---|---|
| 001 | 0000016223 | ||
| 005 | 20050921090000.0 | ||
| 022 | 0 | 0 | |a 0269-5979 |
| 090 | 0 | 0 | |a PHIL 330.9 |b PHI |
| 245 | 0 | 0 | |a Philippine : |b EIU Country profile 2005. |
| 260 | 0 | 0 | |a London: |b The Economist Intelligence Unit, |c 2005. |
| 300 | # | # | |a 61 p. |
| 650 | 0 | 0 | |a Philippines -- |x country profile |
| 651 | 0 | 0 | |a Philippines |
| 999 | |a SBH000333B |b Book |c Countries |e MATRADE Sabah | ||
| 999 | |a PNG000343B |b Book |c Countries |e MATRADE Northern Regional Office | ||